QUAERE 2023 recenzovaný sborník příspěvků interdisciplinární mezinárodní vědecké konference doktorandů a odborných asistentů, 26. – 29. června 2023, Hradec Králové, Česká republika, roč. XIII.

Saved in:
Bibliographic Details
Corporate Author: QUAERE 2023. Interdisciplinární mezinárodní vědecká konference
Format: Book
Language:Slovak
English
Czech
Polish
Published: Hradec Králové MAGNANIMITAS 2023
Edition:1. vydání
Subjects:
Tags: Add Tag
No Tags, Be the first to tag this record!

MARC

LEADER 00000nlm a2200000 4500
001 0295361
005 20250805083655.4
020 |a 978-80-87952-38-2 
041 0 |a slo 
041 0 |a eng 
041 0 |a cze 
041 0 |a pol 
044 |a CZ 
245 1 0 |a QUAERE 2023  |b recenzovaný sborník příspěvků interdisciplinární mezinárodní vědecké konference doktorandů a odborných asistentů, 26. – 29. června 2023, Hradec Králové, Česká republika, roč. XIII. 
250 |a 1. vydání 
264 1 |a Hradec Králové  |b MAGNANIMITAS  |c 2023 
300 |a 1278 s. 
610 2 0 |a manažment 
610 2 0 |a marketing 
610 2 0 |a bankovníctvo 
610 2 0 |a poisťovníctvo 
610 2 0 |a správa verejná 
610 2 0 |a psychológia 
610 2 0 |a sociológia 
110 2 |a QUAERE 2023. Interdisciplinární mezinárodní vědecká konference